US Big Brother Winners Quiz Stats

 Plays Quiz Updated Sep 26, 2019

Score 0/21 Timer 04:00
2 Plays Today
Season Winner % Correct
Big Brother 18Nicole Franzel
91.2%
Big Brother 19Josh Martinez
90.3%
Big Brother 20Kaycee Clark
85%
Big Brother 2Will Kirby
84.2%
Big Brother 21Jackson Michie
84.2%
Big Brother 16Derrick Levasseur
82.5%
Big Brother 17Steve Moses
82.4%
All-StarsMike 'Boogie' Malin
82%
Big Brother 13Rachel Reilly
79.3%
Big Brother 14Ian Terry
78.3%
Big Brother 8Dick Donato
76%
Season Winner % Correct
Big Brother 10Dan Gheesling
75.8%
Big Brother 15Andy Herren
73.1%
Big Brother 4Jun Song
60.9%
Big Brother 5Drew Daniel
58.1%
Big Brother 9Adam Jasinski
57.1%
Big Brother 11Jordan Lloyd
55.2%
Big Brother 6Maggie Ausburn
54.7%
Big BrotherEddie McGee
52.5%
Big Brother 3Lisa Donahue
51.9%
Big Brother 12Hayden Moss
51.8%

You're not logged in!

Compare scores with friends on all Sporcle quizzes.
OR
Log In

Sporcle TV

Today on Sporcle TV


Watch our educational content, quiz creation guides, and fun videos on Sporcle TV.

Show Comments

Extras

Top Quizzes Today


Score Distribution

Your Account Isn't Verified!

In order to create a playlist on Sporcle, you need to verify the email address you used during registration. Go to your Sporcle Settings to finish the process.

Report this User

Report this user for behavior that violates our Community Guidelines.

Details: